| 000 | 01589cam a22004337a 4500 | ||
|---|---|---|---|
| 001 | 000093368 | ||
| 003 | CHAP | ||
| 005 | 20220329142932.0 | ||
| 008 | 050316d2005 mx r 00110 spa d | ||
| 010 | _a89834 | ||
| 011 | _a90806 | ||
| 035 | _a101363 | ||
| 040 | _cCHAP | ||
| 090 | _aTesis | ||
| 100 | 0 | 0 |
_aPérez Pérez, Carlos Gabriel. _989922 |
| 245 | 1 | 3 |
_aEl comercio informal en vía pública en Texcoco, estado de México / _c/por Carlos Gabriel Pérez Pérez. |
| 260 |
_aChapingo, Méx. : _bEl autor, _c2005. |
||
| 300 | _a103 h. | ||
| 502 | _aTesis (Ing. Agr. Esp. en Sociología Rural) -- UACH. Departamento de Sociología Rural | ||
| 590 |
_aALEPH _b10 _c20130110 _lUCH01 _h1504 |
||
| 590 |
_aBATCH-UPD _b10 _c20130110 _lUCH01 _h0045 |
||
| 590 |
_aBATCH-UPD _b10 _c20130110 _lUCH01 _h1531 |
||
| 590 |
_aBATCH-UPD _b10 _c20130409 _lUCH01 _h2031 |
||
| 590 |
_aBATCH-UPD _b10 _c20130914 _lUCH01 _h1015 |
||
| 590 |
_aBATCH-UPD _b10 _c20140324 _lUCH01 _h1449 |
||
| 590 |
_aBATCH-UPD _b10 _c20141002 _lUCH01 _h0825 |
||
| 590 |
_aCONVERSION _b10 _c20130109 _lUCH01 _h1350 |
||
| 590 |
_aE12093SGE _b10 _c20130619 _lUCH01 _h0921 |
||
| 650 | 1 | 4 |
_aComercio informal _zMéxico (Edo.). _925640 |
| 650 | 1 | 4 |
_aSociología rural _xMéxico (Edo.) _9108234 |
| 650 | 1 | 4 |
_aTrabajadores migratorios. _9114475 |
| 856 |
_3Finding aid _uhttp://10.13.5.2/tesis/101363.pdf _zTeclea aquí |
||
| 901 | _aBK | ||
| 905 | _aAlejandra Carrasco M. | ||
| 942 | _cCD | ||
| 942 | _n0 | ||
| 949 |
_aTesis _bBC _cTES _d1013631 _eTS1 _h43459 _i101363 _sb |
||
| 949 |
_aTesis _bBC _cTES _d33724000798096 _eTS2 _fc.2 _h43460 _i101363 _sb |
||
| 999 |
_c89834 _d89834 |
||